000 01557cam a22004334i 4500
003 PE-LiUPU
005 20250731173156.0
008 150623s r 000 0 d
020 _a8476451369
035 _a(Sirsi) i9788476451366
040 _aPE-LiUPU
_bspa
_cPE-LiUPU
_erda
049 _aPRUA
082 0 4 _a253.5
_bS32
_221
100 1 _aSeamands, David A.,
_eautor.
245 1 0 _aDejando a un Lado lo que es de Niño :
_bCómo combatir los infatilismos en el carácter cristiano.
264 1 _aBarcelona :
_bClie,
_c1986.
300 _a183 páginas ;
_c20 centímetros
336 _atext
_2rdacontent
337 _aunmediated
_2rdamedia
338 _avolume
_2rdacarrier
505 0 _aEl niño que todos llevamos escondido dentro. -La curación de los recuerdos. -Un lema infantil que dstruye adultos. -Otro lema de la infancia. -Ideas infantles acerca del amor y el matrimonio.
526 _aSEG42
526 _aSEG41
526 _aSEG40
526 _aSEG39
526 _aP94
526 _aP87
526 _aP86
526 _aP85
526 _aP77
526 _aP76
526 _aP35
942 _2ddc
_cBOOK
949 _a253.5 S32
_wDEWEY
_c1
_i38922
_lCCODEBUL1
_mBUL
_r0
_sY
_tBOOK
_u2015-6-24
_xTEOLOGIA
_zUNKNOWN
_0COMPRA
_o.STAFF. Colección General
994 _aC0
_bPEPRU
596 _a1
999 _a253.5 S32
_wDEWEY
_c36262
_i38922
_d36262
_e2020-1-16
_f2021-11-10
_g5
_lCCODEBUL1
_mBUL
_n2
_r0
_sY
_tBOOK
_u2015-6-24
_xTEOLOGIA
_zUNKNOWN
_0COMPRA
_o.STAFF. Colección General
980 _81
_gALBERTO SANCHEZ Responsable de Automatización